County Kildare Quiz - Statistics

General Stats
  • This quiz has been taken 5 times
  • The average score is 16 of 20
Answer Stats
Hint Answer % Correct
Area of Kildare known for its racecourse and army base Curragh
100%
Bordering counties Dublin
100%
Gardens in Tully, next to the National Stud Japanese Gardens
100%
Province that Kildare is in Leinster
100%
Nickname for Kildare that comes from the colour of its GAA jersey Lilywhites
100%
Town with the only university in Kildare Maynooth
100%
Bordering counties Meath
100%
County town of Kildare Naas
100%
2nd largest town in Kildare which has a famous silverware factory Newbridge
100%
Bordering counties Offaly
100%
One of the Patron Saints of Ireland, whose feast day is on the first of February St Brigid
100%
Bordering counties Carlow
75%
Bordering counties Laois
75%
Bordering counties Wicklow
75%
Man who founded one of the most famous breweries in the world Arthur Guinness
50%
Irish folk singer who was in the groups "Planxty" and "Moving Hearts" Christy Moore
50%
Antarctic explorer from Kilkea Ernest Shackleton
50%
Family name of the Earls of Kildare FitzGerald
50%
Ireland's largest and first Palladian mansion Castletown House
25%
2nd tallest high cross in Ireland Moone High Cross
25%
No matching quizzes found
Score Distribution
Percent of People with Each Score
Percentile by Number Answered
Your Score History
You have not taken this quiz